[Event "GBR-ch89"]
[Site "Torquay"]
[Date "2002.07.31"]
[Round "3"]
[White "Nixon, Thomas"]
[Black "Cox, John J"]
[Result "1-0"]
[WhiteElo "2187"]
[BlackElo "2311"]
[PlyCount "121"]
[EventDate "2002.07.29"]
[EventType "swiss"]
[EventRounds "11"]
[EventCountry "GBR"]
[SourceTitle "BritBase August 2004"]

1. d4 e6 2. c4 d5 3. Nc3 c6 4. cxd5 exd5 5. Nf3 Nf6 6. Bg5 Be7 7. Qc2 O-O 8. e3
Nbd7 9. Bd3 Re8 10. O-O Nf8 11. Rab1 a5 12. a3 Bd6 13. Rfe1 Be6 14. Ne5 Be7 15.
f4 N6d7 16. Bxe7 Qxe7 17. Nf3 f6 18. b4 axb4 19. axb4 Nb6 20. Nd2 Bf7 21. Nb3
Nc4 22. Bxc4 dxc4 23. Nd2 b5 24. f5 g6 25. Rb2 Rad8 26. Nf3 Nd7 27. Nh4 Kg7 28.
Qf2 Nb6 29. e4 Qd6 30. fxg6 hxg6 31. Nf3 Na4 32. e5 Qe7 33. Nxa4 bxa4 34. Rbe2
a3 35. Qg3 f5 36. Nh4 Qe6 37. Rf1 Kf8 38. Nf3 Ra8 39. Qh4 a2 40. Ra1 c3 41. Ng5
Qc4 42. Qh8+ Ke7 43. Qf6+ Kd7 44. Qd6+ Kc8 45. Nxf7 c2 46. Ree1 Ra7 47. e6 Qc3
48. Ne5 Rae7 49. Qxc6+ Qxc6 50. Nxc6 Rxe6 51. Ne5 Rd8 52. Rxa2 Rxd4 53. Rxc2+
Kb7 54. Nf3 Rxe1+ 55. Nxe1 Rxb4 56. Kf2 Kb6 57. Nf3 Rf4 58. Kg3 Rb4 59. h3 Re4
60. Nh4 f4+ 61. Kf3 1-0

[Event "GBR-ch89"]
[Site "Torquay"]
[Date "2002.07.31"]
[Round "3"]
[White "Rowson, Jonathan"]
[Black "Jones, Richard S"]
[Result "1-0"]
[WhiteElo "2545"]
[BlackElo "2234"]
[PlyCount "85"]
[EventDate "2002.07.29"]
[EventType "swiss"]
[EventRounds "11"]
[EventCountry "GBR"]
[SourceTitle "BritBase"]
[Source "John Saunders"]
[SourceDate "2008.07.14"]
[SourceVersion "1"]
[SourceVersionDate "2008.07.14"]
[SourceQuality "2"]

1. d4 Nf6 2. c4 c6 3. Nc3 d5 4. e3 g6 5. Nf3 Bg7 6. Be2 O-O 7. O-O dxc4 8. Bxc4
Bg4 9. Be2 Nbd7 10. h3 Bxf3 11. Bxf3 e5 12. d5 cxd5 13. Bxd5 Nxd5 14. Qxd5 b6
15. Rd1 Nc5 16. Qc4 Qc8 17. Nd5 Qb7 18. b4 Ne6 19. Bb2 Kh8 20. Qh4 f5 21. Rac1
Rad8 22. Qe7 Qxe7 23. Nxe7 e4 24. Bxg7+ Kxg7 25. Nc6 Rxd1+ 26. Rxd1 Rf7 27. Rd6
Kf6 28. g4 Rc7 29. Kg2 Kf7 30. b5 Ng7 31. Kg3 Ne8 32. Rd8 Nf6 33. Ra8 fxg4 34.
hxg4 Nd5 35. Nxa7 Nc3 36. Nc8 Nxb5 37. Nxb6 Rc2 38. Nd5 Ke6 39. Nf4+ Kf6 40.
g5+ Kf7 41. a4 Nd6 42. Ra7+ Kg8 43. Nd5 1-0

[Event "GBR-ch89"]
[Site "Torquay"]
[Date "2002.07.31"]
[Round "3"]
[White "Rudd, Jack"]
[Black "Aarthie, Ramaswamy"]
[Result "1/2-1/2"]
[WhiteElo "2139"]
[BlackElo "2290"]
[PlyCount "158"]
[EventDate "2002.07.29"]
[EventType "swiss"]
[EventRounds "11"]
[EventCountry "GBR"]
[SourceTitle "BritBase"]
[Source "John Saunders"]
[SourceDate "2008.07.14"]
[SourceVersion "1"]
[SourceVersionDate "2008.07.14"]
[SourceQuality "2"]

1. e4 c5 2. Nf3 Nc6 3. d4 cxd4 4. Nxd4 Nf6 5. Nc3 d6 6. Bc4 e6 7. Be3 a6 8. Qe2
Qc7 9. O-O-O Be7 10. Kb1 Na5 11. Bd3 b5 12. Nb3 Bd7 13. Nxa5 Qxa5 14. Qd2 Rb8
15. f4 Bc6 16. Nd5 Qxd2 17. Nxf6+ Bxf6 18. Bxd2 b4 19. Rc1 Ke7 20. Rhe1 Bc3 21.
Bxc3 bxc3 22. b3 Bb5 23. Rcd1 Rhc8 24. Re3 Rc6 25. a3 Ra8 26. Ka2 h6 27. Rh3
Ra7 28. a4 Bxd3 29. Rdxd3 Rac7 30. Rdg3 Kf8 31. Rh5 f6 32. Rd3 Ke7 33. f5 Rc5
34. Rhh3 exf5 35. exf5 Rxf5 36. Rxc3 Kd7 37. Rxc7+ Kxc7 38. Rg3 g5 39. b4 Rf2
40. Kb3 h5 41. c3 g4 42. h3 f5 43. hxg4 fxg4 44. Kc4 Rf4+ 45. Kd3 a5 46. Ke3
Rc4 47. Kd3 d5 48. bxa5 Rxa4 49. Re3 Rxa5 50. Re5 h4 51. Rg5 g3 52. Rg4 Ra2 53.
Rxh4 Rxg2 54. c4 Rg1 55. Ke2 Rc1 56. Rg4 Rxc4 57. Rxg3 Ra4 58. Rg6 Ra3 59. Kd2
Kd7 60. Rh6 Ke7 61. Rb6 Rf3 62. Ra6 Rf6 63. Rxf6 Kxf6 64. Kd3 Kf5 65. Kd4 Ke6
66. Kd3 Kd6 67. Kd4 Kc6 68. Kd3 Kc5 69. Kc3 d4+ 70. Kd3 Kd5 71. Kd2 Ke4 72. Ke2
d3+ 73. Kd2 Kd4 74. Kd1 Ke3 75. Ke1 Ke4 76. Kd2 Kd4 77. Kd1 Ke3 78. Ke1 d2+ 79.
Kd1 Kd3 1/2-1/2

[Event "GBR-ch89"]
[Site "Torquay"]
[Date "2002.07.31"]
[Round "3"]
[White "Sandipan, Chanda"]
[Black "Shaw, David A"]
[Result "1-0"]
[WhiteElo "2507"]
[BlackElo "2190"]
[PlyCount "107"]
[EventDate "2002.07.29"]
[EventType "swiss"]
[EventRounds "11"]
[EventCountry "GBR"]
[SourceTitle "BritBase"]
[Source "John Saunders"]
[SourceDate "2008.07.14"]
[SourceVersion "1"]
[SourceVersionDate "2008.07.14"]
[SourceQuality "2"]

1. e4 e6 2. d4 d5 3. e5 c5 4. c3 Qb6 5. Nf3 Nc6 6. a3 Nge7 7. b4 cxd4 8. cxd4
Nf5 9. Bb2 Bd7 10. g4 Nfe7 11. h4 h5 12. gxh5 Nf5 13. Bh3 a5 14. Bxf5 exf5 15.
Nc3 axb4 16. Nxd5 Qd8 17. Ng5 bxa3 18. Bc3 Ne7 19. Qb3 Nxd5 20. Qxd5 Be6 21.
Nxe6 fxe6 22. Qxe6+ Qe7 23. Qxf5 Rh6 24. Bd2 Rb6 25. d5 a2 26. e6 Qf6 27. Qxf6
gxf6 28. Ke2 Rd6 29. Rhg1 Rxd5 30. Rg8 Re5+ 31. Kf3 Ra3+ 32. Kg2 Ra4 33. Bh6
Rxe6 34. Rxf8+ Ke7 35. Rb8 Rb6 36. Be3 Rb1 37. Rxa2 Rxa2 38. h6 Ra4 39. h7 Rxh4
40. h8=Q Rxh8 41. Rxh8 b5 42. Kf3 Ke6 43. Ke4 f5+ 44. Kd4 Rd1+ 45. Kc5 Rd7 46.
Kxb5 Rc7 47. Bc5 Kd5 48. Rd8+ Ke4 49. Kc4 Rh7 50. Re8+ Kf3 51. Re3+ Kf4 52. Kd5
Rd7+ 53. Bd6+ Kg5 54. Ke6 1-0

[Event "GBR-ch89"]
[Site "Torquay"]
[Date "2002.07.31"]
[Round "3"]
[White "Sherwin, James"]
[Black "Dhar Barua, Saheli"]
[Result "1-0"]
[WhiteElo "2344"]
[BlackElo "2221"]
[PlyCount "93"]
[EventDate "2002.07.29"]
[EventType "swiss"]
[EventRounds "11"]
[EventCountry "GBR"]
[SourceTitle "BritBase"]
[Source "John Saunders"]
[SourceDate "2008.07.14"]
[SourceVersion "1"]
[SourceVersionDate "2008.07.14"]
[SourceQuality "2"]

1. d4 d5 2. c4 e6 3. Nc3 Nf6 4. cxd5 exd5 5. Bg5 Be7 6. Qc2 c6 7. e3 Nbd7 8.
Bd3 Nh5 9. Bxe7 Qxe7 10. Nge2 Nb6 11. O-O-O g6 12. Kb1 Be6 13. f3 O-O-O 14.
Rhe1 Kb8 15. Nc1 Ng7 16. Nb3 Bf5 17. Bxf5 Nxf5 18. e4 dxe4 19. fxe4 Nd6 20. Qf2
Rhe8 21. Qf4 Ka8 22. g4 f6 23. Re2 Nb5 24. Nxb5 cxb5 25. Rf1 Nd5 26. Qf3 g5 27.
Rc1 a6 28. Ree1 Nf4 29. h4 h6 30. a3 b4 31. axb4 Qxb4 32. Re3 Rc8 33. Rec3 Kb8
34. hxg5 hxg5 35. Nc5 Qxd4 36. Nxa6+ bxa6 37. Rxc8+ Rxc8 38. Qb3+ Ka7 39. Rxc8
Qxe4+ 40. Ka2 Qd5 41. Rc7+ Ka8 42. Rc4 Ka7 43. Qe3+ Kb7 44. Qe7+ Kb6 45. Qxf6+
Kb5 46. b3 Qd2+ 47. Ka3 1-0

[Event "GBR-ch89"]
[Site "Torquay"]
[Date "2002.07.31"]
[Round "3"]
[White "Swathi, Ghate"]
[Black "Pert, Nicholas"]
[Result "0-1"]
[WhiteElo "2234"]
[BlackElo "2460"]
[PlyCount "62"]
[EventDate "2002.07.29"]
[EventType "swiss"]
[EventRounds "11"]
[EventCountry "GBR"]
[SourceTitle "BritBase"]
[Source "John Saunders"]
[SourceDate "2008.07.14"]
[SourceVersion "1"]
[SourceVersionDate "2008.07.14"]
[SourceQuality "2"]

1. e4 e6 2. d4 d5 3. e5 c5 4. c3 Nc6 5. Nf3 Bd7 6. Be2 Nge7 7. O-O Ng6 8. g3 f6
9. h4 cxd4 10. cxd4 fxe5 11. h5 e4 12. hxg6 exf3 13. Bd3 Qf6 14. Be3 Nb4 15.
gxh7 g5 16. a3 Nxd3 17. Qxd3 Qh6 18. Bxg5 Qxg5 19. Qxf3 Rxh7 20. Re1 Qh5 21.
Qxh5+ Rxh5 22. Nd2 Bg7 23. Nf3 Ke7 24. Kg2 Rc8 25. Re2 Bf6 26. Rae1 Rh6 27. Rd2
Rc4 28. g4 Rc8 29. Kg3 Rg8 30. Rde2 Rhg6 31. Nh2 Bxd4 0-1

[Event "GBR-ch89"]
[Site "Torquay"]
[Date "2002.07.31"]
[Round "3"]
[White "Trent, Lawrence"]
[Black "Lane, Gary W"]
[Result "0-1"]
[WhiteElo "2246"]
[BlackElo "2446"]
[PlyCount "61"]
[EventDate "2002.07.29"]
[EventType "swiss"]
[EventRounds "11"]
[EventCountry "GBR"]
[SourceTitle "BritBase August 2004"]

1. d4 f5 2. Nc3 d5 3. Bg5 g6 4. h4 Bg7 5. e3 c6 6. Bd3 Nd7 7. a4 Ngf6 8. Bf4 e5
9. dxe5 Ng4 10. h5 Ndxe5 11. hxg6 hxg6 12. Rxh8+ Bxh8 13. Nf3 Qb6 14. Rb1 Bd7
15. Nxe5 Nxe5 16. Kf1 Qb4 17. Be2 O-O-O 18. Qd4 Qxd4 19. exd4 Nf7 20. Rd1 Bf6
21. Kg1 Re8 22. Bf1 g5 23. Bc1 f4 24. Na2 Nd6 25. c3 Bf5 26. Nb4 a5 27. Nd3 b6
28. Re1 Rxe1 29. Nxe1 c5 30. dxc5 bxc5 31. Bd3 {'and Black went on to win on
move 56' (bulletin)} 0-1

[Event "GBR-ch89"]
[Site "Torquay"]
[Date "2002.07.31"]
[Round "3"]
[White "Vijayalakshmi, Subbaraman"]
[Black "Taylor, Peter P"]
[Result "1-0"]
[WhiteElo "2399"]
[BlackElo "2224"]
[PlyCount "53"]
[EventDate "2002.07.29"]
[EventType "swiss"]
[EventRounds "11"]
[EventCountry "GBR"]
[SourceTitle "BritBase"]
[Source "John Saunders"]
[SourceDate "2008.07.14"]
[SourceVersion "1"]
[SourceVersionDate "2008.07.14"]
[SourceQuality "2"]

1. Nf3 d6 2. g3 e5 3. Bg2 f5 4. d3 Nf6 5. O-O Be7 6. c4 O-O 7. Nc3 Qe8 8. c5
Kh8 9. Bg5 c6 10. e4 Na6 11. cxd6 Bxd6 12. Bxf6 Rxf6 13. d4 exd4 14. Nxd4 f4
15. e5 Bxe5 16. Re1 fxg3 17. hxg3 Bd7 18. Nf3 Rd6 19. Qb1 Re6 20. Ng5 Qh5 21.
Nxe6 Bxe6 22. Qe4 Bxc3 23. bxc3 Bd5 24. Qe7 Bxg2 25. Kxg2 Qd5+ 26. Kg1 Rb8 27.
Rad1 1-0

[Event "GBR-ch89"]
[Site "Torquay"]
[Date "2002.07.31"]
[Round "3"]
[White "Wall, Gavin"]
[Black "Barua, Dibyendu"]
[Result "0-1"]
[WhiteElo "2367"]
[BlackElo "2542"]
[PlyCount "86"]
[EventDate "2002.07.29"]
[EventType "swiss"]
[EventRounds "11"]
[EventCountry "GBR"]
[SourceTitle "BritBase"]
[Source "John Saunders"]
[SourceDate "2008.07.14"]
[SourceVersion "1"]
[SourceVersionDate "2008.07.14"]
[SourceQuality "2"]

1. e4 e6 2. d4 d5 3. e5 c5 4. c3 Nc6 5. Nf3 Qb6 6. a3 a5 7. Bd3 Bd7 8. Bc2 h5
9. O-O Nh6 10. dxc5 Bxc5 11. a4 O-O-O 12. Na3 Ng4 13. Qe2 f6 14. exf6 gxf6 15.
Nb5 Rdg8 16. Bd2 Nce5 17. Nxe5 Nxe5 18. b4 axb4 19. cxb4 Bxb5 20. axb5 Bd4 21.
Ra8+ Kd7 22. Rxg8 Rxg8 23. Qxh5 Kd6 24. Bf4 Qc7 25. Bd1 Qg7 26. Qh3 Kd7 27. Be2
Rc8 28. Rc1 Rxc1+ 29. Bxc1 Qg6 30. Qb3 Qe4 31. Kf1 Qh4 32. Qg3 Qh7 33. f4 Qb1
34. Qe1 Nc4 35. Bf3 Qc2 36. h4 Bf2 37. Qd1 Qxd1+ 38. Bxd1 Be3 39. Bxe3 Nxe3+
40. Ke2 Nxg2 41. Kf3 Nxh4+ 42. Kg4 Nf5 43. Be2 b6 0-1

[Event "GBR-ch89"]
[Site "Torquay"]
[Date "2002.07.31"]
[Round "3"]
[White "Webb, Laurence"]
[Black "Emms, John M"]
[Result "0-1"]
[WhiteElo "2262"]
[BlackElo "2544"]
[PlyCount "118"]
[EventDate "2002.07.29"]
[EventType "swiss"]
[EventRounds "11"]
[EventCountry "GBR"]
[SourceTitle "BritBase"]
[Source "John Saunders"]
[SourceDate "2008.07.14"]
[SourceVersion "1"]
[SourceVersionDate "2008.07.14"]
[SourceQuality "2"]

1. e4 c5 2. Nf3 e6 3. c3 Nf6 4. Bd3 b6 5. O-O Bb7 6. Re1 Be7 7. Bc2 Nc6 8. d3
O-O 9. Nbd2 Rc8 10. Nf1 d6 11. Ng3 Ne5 12. Bf4 Nxf3+ 13. Qxf3 Rc7 14. Rad1 a6
15. Qe2 Re8 16. h3 b5 17. a3 Rc8 18. Bb1 Qb6 19. Be3 Qc7 20. Rf1 Bf8 21. Bg5
Nd7 22. d4 cxd4 23. cxd4 g6 24. Rc1 Qb8 25. Rxc8 Rxc8 26. Rc1 Bg7 27. Qd3 Rxc1+
28. Bxc1 Qc7 29. Bd2 Nb8 30. Ne2 Nc6 31. Bc3 Qb6 32. b4 Ne7 33. Ba2 Qc7 34. Nc1
Bxe4 35. Qd2 Bd5 36. Bb1 Qc6 37. f3 Qb6 38. Ne2 Bc4 39. Bd3 d5 40. Kh1 Bxd3 41.
Qxd3 Nf5 42. Bb2 Qc6 43. Qd2 Qc4 44. Kh2 h5 45. g4 hxg4 46. hxg4 Bh6 47. f4 Nd6
48. Bc1 Bg7 49. Qe3 Qc2 50. Qd2 Qb3 51. Qe3 Qd1 52. Qd2 Qf1 53. Ng3 Qc4 54. Ne2
Ne4 55. Qe3 Qc2 56. Kh3 Bf6 57. g5 Bg7 58. Kg2 Bxd4 59. Qxd4 Qxe2+ 0-1

[Event "GBR-ch89"]
[Site "Torquay"]
[Date "2002.07.31"]
[Round "3"]
[White "Wells, Peter K"]
[Black "Berry, Neil"]
[Result "1-0"]
[WhiteElo "2479"]
[BlackElo "2255"]
[PlyCount "95"]
[EventDate "2002.07.29"]
[EventType "swiss"]
[EventRounds "11"]
[EventCountry "GBR"]
[SourceTitle "BritBase"]
[Source "John Saunders"]
[SourceDate "2008.07.14"]
[SourceVersion "1"]
[SourceVersionDate "2008.07.14"]
[SourceQuality "2"]

1. d4 d5 2. c4 c6 3. Nc3 Nf6 4. e3 a6 5. Qc2 g6 6. Bd3 Bg7 7. Nf3 O-O 8. O-O
Bg4 9. Ne5 Be6 10. b4 Nbd7 11. Nxd7 Nxd7 12. c5 f6 13. f4 f5 14. Bd2 Nf6 15.
Na4 Ne4 16. Nb6 Ra7 17. a4 Nxd2 18. Qxd2 Bf6 19. Qc2 Bf7 20. Kf2 e6 21. Ke2 Be8
22. Kd2 Rf7 23. Rg1 h5 24. g3 Rh7 25. h3 Kf8 26. Kc3 Bf7 27. Kb3 Ke7 28. Rae1
Qh8 29. Rg2 Kd8 30. g4 hxg4 31. hxg4 Ke7 32. Reg1 Rh3 33. Qe2 Kd8 34. Kc2 Qh4
35. Kb3 Qh8 36. a5 Kc7 37. Rg3 Rh2 38. R1g2 Rh1 39. Rg1 Rh2 40. R3g2 Rh3 41.
Ka4 Qh4 42. gxf5 exf5 43. Rxg6 Bxg6 44. Rxg6 Rh2 45. Rxf6 Rxe2 46. Rf8 Ra2+ 47.
Kb3 Qf2 48. Rc8# 1-0

[Event "GBR-ch89"]
[Site "Torquay"]
[Date "2002.07.31"]
[Round "3"]
[White "Wheeler, John F"]
[Black "Saravanan, Venkat"]
[Result "1-0"]
[WhiteElo "2235"]
[BlackElo "2385"]
[PlyCount "39"]
[EventDate "2002.07.29"]
[EventType "swiss"]
[EventRounds "11"]
[EventCountry "GBR"]
[SourceTitle "BritBase"]
[Source "John Saunders"]
[SourceDate "2008.07.14"]
[SourceVersion "1"]
[SourceVersionDate "2008.07.14"]
[SourceQuality "2"]

1. d4 g6 2. c4 Bg7 3. Nc3 c5 4. d5 Bxc3+ 5. bxc3 f5 6. e3 d6 7. Bd3 Qa5 8. Qc2
Nd7 9. Nf3 Ngf6 10. O-O Nb6 11. Re1 Bd7 12. e4 fxe4 13. Bxe4 Nxe4 14. Qxe4
O-O-O 15. Bg5 Rde8 16. Bxe7 Qxc3 17. Rac1 Qb4 18. Qh4 g5 19. Nxg5 Rhg8 20. Ne4
1-0

[Event "GBR-ch89"]
[Site "Torquay"]
[Date "2002.07.31"]
[Round "3"]
[White "Williams, Simon K"]
[Black "Harikrishna, Pentala"]
[Result "1/2-1/2"]
[WhiteElo "2421"]
[BlackElo "2568"]
[PlyCount "67"]
[EventDate "2002.07.29"]
[EventType "swiss"]
[EventRounds "11"]
[EventCountry "GBR"]
[SourceTitle "BritBase August 2004"]

1. f4 d5 2. Nf3 Nf6 3. e3 c6 4. Be2 Bg4 5. b3 Nbd7 6. Bb2 e6 7. Ne5 Bxe2 8.
Qxe2 Be7 9. O-O O-O 10. d3 Nxe5 11. fxe5 Nd7 12. Nd2 f6 13. Qg4 f5 14. Qe2 Qc7
15. Nf3 Rae8 16. Kh1 Qa5 17. a3 Qb6 18. Rab1 Bc5 19. Rfe1 a5 20. Ng5 h6 21. Nh3
Be7 22. Nf4 Bg5 23. Ng6 Rf7 24. b4 axb4 25. axb4 Nf8 26. Bd4 Qc7 27. Nf4 Nd7
28. Ng6 Kh7 29. Qh5 Nf8 30. Nf4 Bxf4 31. exf4 Ng6 32. Qf3 Rb8 33. Ra1 Rd8 34.
Qf2 {"and the game was drawn in 45 moves" (bulletin)} 1/2-1/2

[Event "GBR-ch89"]
[Site "Torquay"]
[Date "2002.07.31"]
[Round "3"]
[White "Willmoth, Robert"]
[Black "Rees, Ioan L"]
[Result "1-0"]
[WhiteElo "2198"]
[BlackElo "2079"]
[PlyCount "39"]
[EventDate "2002.07.29"]
[EventType "swiss"]
[EventRounds "11"]
[EventCountry "GBR"]
[SourceTitle "BritBase"]
[Source "John Saunders"]
[SourceDate "2008.07.14"]
[SourceVersion "1"]
[SourceVersionDate "2008.07.14"]
[SourceQuality "2"]

1. e4 c5 2. Nc3 Nc6 3. g3 g6 4. Bg2 Bg7 5. d3 d6 6. Be3 Qa5 7. Nge2 Nd4 8. O-O
e6 9. f4 Ne7 10. g4 f5 11. h3 O-O 12. Ng3 Rb8 13. Qd2 b5 14. Nd5 Nec6 15. Ne7+
Kh8 16. Nxc8 Rbxc8 17. c3 a6 18. Qd1 e5 19. cxd4 cxd4 20. Bd2 1-0

[Event "GBR-ch89"]
[Site "Torquay"]
[Date "2002.07.31"]
[Round "3"]
[White "Wohl, Aleksandar"]
[Black "Buckley, Melanie"]
[Result "1-0"]
[WhiteElo "2419"]
[BlackElo "2184"]
[PlyCount "189"]
[EventDate "2002.07.29"]
[EventType "swiss"]
[EventRounds "11"]
[EventCountry "GBR"]
[SourceTitle "BritBase August 2004"]

1. e4 e6 2. d4 d5 3. Nc3 Bb4 4. e5 c5 5. dxc5 Qc7 6. Nf3 Nd7 7. Bd3 Nxe5 8. O-O
Nxd3 9. Qxd3 Bxc3 10. Qxc3 Nf6 11. Bg5 Rg8 12. Bxf6 gxf6 13. Qxf6 Qxc5 14. Ng5
Qf8 15. Nxh7 Qg7 16. Qxg7 Rxg7 17. Nf6+ Ke7 18. Nh5 Rh7 19. Nf4 Bd7 20. Rfe1
Bc6 21. Rad1 Rah8 22. h3 Kf6 23. Rd4 Rg7 24. Re3 Rg5 25. c3 Re5 26. Rxe5 Kxe5
27. Nd3+ Kd6 28. f4 f6 29. c4 e5 30. fxe5+ fxe5 31. Rg4 dxc4 32. Rxc4 Kd5 33.
Rg4 a5 34. Nf2 Bd7 35. Re4 Rf8 36. Rh4 Bc6 37. b4 axb4 38. Rxb4 Ra8 39. Ne4 b5
40. h4 Ke6 41. Ng5+ Kf5 42. Rb2 Kg4 43. Nf7 Kxh4 44. Rb4+ Kh5 45. Nxe5 Bd5 46.
Rxb5 Bxa2 47. Kh2 Kg5 48. Kg3 Be6 49. Nf3+ Kf6 50. Rb6 Rg8+ 51. Kf2 Kf7 52. g3
Ke7 53. Nd4 Bg4 54. Ke3 Bd7 55. Ne2 Rg5 56. Kf4 Rg4+ 57. Kf3 Ra4 58. Ke3 Rg4
59. Kf3 Ra4 60. Nf4 Ra3+ 61. Kf2 Ra2+ 62. Ke1 Ra1+ 63. Kd2 Ra3 64. Nd5+ Kf7 65.
Ne3 Ra4 66. Kd3 Be6 67. Ke2 Bg4+ 68. Kd2 Be6 69. Kd3 Bg4 70. Nd5 Be6 71. Rb7+
Kg6 72. Nf4+ Kf5 73. Rb5+ Kg4 74. Nxe6 Kxg3 75. Nd4 Ra8 76. Rg5+ Kf4 77. Ne6+
Kf3 78. Rf5+ Kg4 79. Rf6 Ra3+ 80. Ke4 Ra4+ 81. Nd4 Kg5 82. Rb6 Ra1 83. Nf3+ Kh5
84. Kf5 Ra8 85. Rb1 Rf8+ 86. Ke4 Kg6 87. Ne5+ Kg7 88. Rg1+ Kh6 89. Ng6 Rf6 90.
Ne7 Rf2 91. Ke5 Kh5 92. Nf5 Ra2 93. Ng3+ Kg4 94. Ne4+ Kf3 95. Rg3+ 1-0

[Event "GBR-ch89"]
[Site "Torquay"]
[Date "2002.07.31"]
[Round "3"]
[White "Woodward, Timothy"]
[Black "Pert, Richard"]
[Result "1/2-1/2"]
[WhiteElo "2211"]
[BlackElo "2357"]
[PlyCount "134"]
[EventDate "2002.07.29"]
[EventType "swiss"]
[EventRounds "11"]
[EventCountry "GBR"]
[SourceTitle "BritBase"]
[Source "John Saunders"]
[SourceDate "2008.07.14"]
[SourceVersion "1"]
[SourceVersionDate "2008.07.14"]
[SourceQuality "2"]

1. Nf3 Nf6 2. c4 g6 3. Nc3 Bg7 4. e4 c5 5. d4 cxd4 6. Nxd4 Nc6 7. Nc2 O-O 8.
Be2 d6 9. O-O Nd7 10. Qe1 Nc5 11. b4 Ne6 12. Bb2 Nf4 13. Qd2 Nxe2+ 14. Qxe2 Be6
15. Rab1 a5 16. b5 Ne5 17. Nd5 Rc8 18. Nce3 Bxd5 19. cxd5 Qb6 20. Rbc1 Rc5 21.
a4 Rfc8 22. Rxc5 Rxc5 23. Bxe5 Bxe5 24. Nc4 Qc7 25. Rc1 e6 26. Rc2 exd5 27.
exd5 Rxd5 28. Nxe5 Rxe5 29. Rxc7 Rxe2 30. Kf1 Re4 31. Rxb7 Rxa4 32. Rd7 Rb4 33.
Rxd6 Rxb5 34. Ra6 Kg7 35. g4 h5 36. h3 hxg4 37. hxg4 f5 38. gxf5 Rxf5 39. Kg2 {
(=)} Kh6 40. Kg3 Rb5 41. Kg4 Rg5+ 42. Kh4 Rf5 43. Kg4 Rg5+ 44. Kh4 Rc5 45. f4
Rc4 46. Rxa5 Rxf4+ 47. Kg3 Rb4 48. Rc5 Re4 49. Rb5 Kg7 50. Ra5 Kf6 51. Ra6+ Kf5
52. Ra5+ Re5 53. Rxe5+ {(=)} Kxe5 54. Kg4 Kf6 55. Kf4 g5+ 56. Kg4 Kg6 57. Kg3
Kh5 58. Kh3 g4+ 59. Kg3 Kg5 60. Kg2 Kf4 61. Kf2 g3+ 62. Kg2 Kg4 63. Kg1 Kf4 64.
Kg2 Kg4 65. Kg1 Kf3 66. Kf1 g2+ 67. Kg1 Kg3 1/2-1/2

[Event "GBR-ch89"]
[Site "Torquay"]
[Date "2002.08.01"]
[Round "4"]
[White "Addison, Bret C"]
[Black "Douglas, Timothy"]
[Result "1-0"]
[WhiteElo "2219"]
[BlackElo "2174"]
[PlyCount "83"]
[EventDate "2002.07.29"]
[EventType "swiss"]
[EventRounds "11"]
[EventCountry "GBR"]
[SourceTitle "BritBase"]
[Source "John Saunders"]
[SourceDate "2008.07.14"]
[SourceVersion "1"]
[SourceVersionDate "2008.07.14"]
[SourceQuality "2"]

1. d4 g6 2. e4 d6 3. c4 Bg7 4. Nc3 Nf6 5. f3 O-O 6. Be3 Nc6 7. Nge2 a6 8. Qd2
Rb8 9. Nc1 e5 10. d5 Nd4 11. Nb3 c5 12. dxc6 bxc6 13. Nxd4 exd4 14. Bxd4 c5 15.
Be3 Qa5 16. Nd1 Qd8 17. Be2 Re8 18. O-O Be6 19. Rc1 Nd7 20. b3 Ne5 21. Kh1 Nc6
22. Nc3 Nd4 23. Bd3 Rb7 24. Ne2 Nc6 25. Bg5 Qb6 26. f4 f5 27. exf5 gxf5 28. Ng3
h6 29. Bh4 Rf7 30. Nh5 Bd4 31. Rce1 Nb4 32. Re2 Nxd3 33. Qxd3 Qc6 34. Rfe1 Bd7
35. Rxe8+ Bxe8 36. Qe2 Bd7 37. Bf2 Bc8 38. Rd1 Bc3 39. Rd3 Bh8 40. Be1 Bb7 41.
Rg3+ Kh7 42. Qe6 1-0

[Event "GBR-ch89"]
[Site "Torquay"]
[Date "2002.08.01"]
[Round "4"]
[White "Barua, Dibyendu"]
[Black "Haslinger, Stewart"]
[Result "1/2-1/2"]
[WhiteElo "2542"]
[BlackElo "2310"]
[PlyCount "78"]
[EventDate "2002.07.29"]
[EventType "swiss"]
[EventRounds "11"]
[EventCountry "GBR"]
[SourceTitle "BritBase"]
[Source "John Saunders"]
[SourceDate "2008.07.14"]
[SourceVersion "1"]
[SourceVersionDate "2008.07.14"]
[SourceQuality "2"]

1. e4 e5 2. Nf3 Nc6 3. Bc4 Nf6 4. d3 Bc5 5. c3 a6 6. O-O d6 7. Bb3 O-O 8. h3
Kh8 9. Be3 Bxe3 10. fxe3 Na5 11. Bc2 c5 12. Nbd2 b5 13. Nh4 Ng4 14. Nf5 Bxf5
15. hxg4 Be6 16. Qf3 Qg5 17. Bd1 Rad8 18. a4 b4 19. c4 Nc6 20. b3 Ne7 21. Rf2
Ng8 22. Nf1 g6 23. Raa2 Kg7 24. Rad2 Nf6 25. Nh2 h5 26. gxh5 gxh5 27. Rf1 Ng4
28. Nxg4 hxg4 29. Qg3 Rh8 30. Kf2 Rh6 31. Ke1 Rdh8 32. Rdf2 Rh2 33. Be2 Qh4 34.
Qxh4 R8xh4 35. Rg1 g3 36. Rf3 Rg4 37. Rff1 Rg6 38. Kd2 Bd7 39. a5 Kf8 1/2-1/2

[Event "GBR-ch89"]
[Site "Torquay"]
[Date "2002.08.01"]
[Round "4"]
[White "Berry, Neil"]
[Black "Wall, Gavin"]
[Result "1/2-1/2"]
[WhiteElo "2255"]
[BlackElo "2367"]
[PlyCount "96"]
[EventDate "2002.07.29"]
[EventType "swiss"]
[EventRounds "11"]
[EventCountry "GBR"]
[SourceTitle "BritBase"]
[Source "John Saunders"]
[SourceDate "2008.07.14"]
[SourceVersion "1"]
[SourceVersionDate "2008.07.14"]
[SourceQuality "2"]

1. d4 f5 2. g3 Nf6 3. Bg2 g6 4. Nf3 Bg7 5. O-O O-O 6. c4 d6 7. Nc3 Qe8 8. d5
Na6 9. Rb1 Bd7 10. b4 c6 11. dxc6 bxc6 12. a3 Nc7 13. Bb2 Ne6 14. c5 dxc5 15.
Qb3 cxb4 16. axb4 Kh8 17. Qc4 Nd8 18. Ne5 e6 19. Na4 Nd5 20. Nc5 Bc8 21. e4
fxe4 22. Nxe4 Rb8 23. Bd4 Bd7 24. Nc5 Bc8 25. Ne4 Bd7 26. Nd3 Nf7 27. Bxa7 Ra8
28. Bd4 Bxd4 29. Qxd4+ e5 30. Qc5 Qe6 31. Ra1 Kg7 32. Ra7 Rxa7 33. Qxa7 Qe7 34.
Ndc5 Bf5 35. Qxe7 Nxe7 36. Ra1 Rd8 37. h3 h6 38. g4 Bc8 39. Ra7 Nd5 40. Nd3 Kf8
41. Nec5 h5 42. gxh5 gxh5 43. h4 Bf5 44. Be4 Bxe4 45. Nxe4 Nxb4 46. Nxb4 Rd4
47. Nxc6 Rxe4 48. Ra5 Rxh4 1/2-1/2

[Event "GBR-ch89"]
[Site "Torquay"]
[Date "2002.08.01"]
[Round "4"]
[White "Buckley, Melanie"]
[Black "Webb, Laurence"]
[Result "0-1"]
[WhiteElo "2184"]
[BlackElo "2262"]
[PlyCount "84"]
[EventDate "2002.07.29"]
[EventType "swiss"]
[EventRounds "11"]
[EventCountry "GBR"]
[SourceTitle "BritBase"]
[Source "John Saunders"]
[SourceDate "2008.07.14"]
[SourceVersion "1"]
[SourceVersionDate "2008.07.14"]
[SourceQuality "2"]

1. d4 Nf6 2. Bg5 e6 3. e4 h6 4. Bxf6 Qxf6 5. c3 d6 6. Bd3 g6 7. Ne2 Bg7 8. O-O
c5 9. Na3 cxd4 10. cxd4 O-O 11. f4 Nc6 12. Nc2 Qe7 13. f5 Bd7 14. Kh1 Rae8 15.
Rf2 exf5 16. exf5 gxf5 17. Qf1 Qg5 18. Rd1 Ne7 19. Ng3 Be6 20. d5 Bc8 21. Bxf5
Nxf5 22. Nxf5 Be5 23. Nce3 Qh5 24. g4 Qg6 25. Qh3 Kh7 26. Nc4 b5 27. Nxe5 Rxe5
28. Rdf1 Bb7 29. Nxh6 Bxd5+ 30. Kg1 Qxh6 31. Qd3+ Qg6 32. Qh3+ Qh6 33. Qd3+ f5
34. Rxf5 Rfxf5 35. Rxf5 Qg6 36. Qh3+ Kg7 37. Rxe5 dxe5 38. Qg3 Qb1+ 39. Kf2
Qxb2+ 40. Ke1 Qc1+ 41. Ke2 Qc2+ 42. Ke1 Qe4+ 0-1